000 02264nam0a2200361 4500
001 RU\NLR\BIBL_A\022767947
005 20260623074659.0
010 _a978-5-9266-2226-0
_940
021 _aRU
_bКН-П-26-006808
_9КН-П-26-1109
021 _aRU
_bКН-П-26-006808
_9КН-П-26-0660
035 _a(NLR Aleph) 022767947
090 _a13736927
_c13736927
100 _a20260327d2025 u y0rusy50 ca
101 0 _arus
102 _aRU
105 _aa|||j|||000yy
181 0 _ai3
_baxxe
182 0 _an
200 1 _aОсобенности ведения Книги учета лиц, доставленных в дежурную часть территориального органа МВД России на районном уровне
_eметодические рекомендации
_fА. В. Еремин, О. А. Архипова, А. А. Ефимов
_gКраснодарский университет МВД России
203 _aТекст
_bвизуальный
_cнепосредственный
210 _aКраснодар
_cКраснодарский университет МВД России
_d2025
215 _a25 с.
_cил., табл.
_d21
320 _aБиблиогр.: с. 20-23
606 1 _aОрганы внутренних дел
_jМетодические пособия
_xРайонные отделы
_xОрганизация работы
_yРоссийская Федерация
_92266184
_3RU\NLR\AUTH\661358483
606 1 _aОрганы внутренних дел
_jМетодические пособия
_xУчетно-регистрационная работа
_yРоссийская Федерация
_92463876
_3RU\NLR\AUTH\661463831
686 1 _aХ621.163.012
700 1 _aЕремин
_bА. В.
_gАлександр Викторович
701 1 _7ca
_8rus
_aАрхипова
_bО. А.
_cпреподаватель, право
_f1972-
_gОксана Анатольевна
_9173595
_3RU\NLR\AUTH\770173646
701 1 _7ca
_8rus
_aЕфимов
_bА. А.
_cканд. пед. наук, адм. право
_gАлександр Александрович
_923617
_3RU\NLR\AUTH\7740666
942 _cBOOK
980 _aNB